Criminal Minds - Episode from S1 to S15 - Statistics

General Stats
  • This quiz has been taken 139 times
  • The average score is 49 of 324
Answer Stats
S1 Answer % Correct
E9 100
71%
E2 JJ
71%
E14 200
65%
E16 Derek
59%
E1 Extreme Aggressor
59%
E18 Lauren
59%
E13 Spencer
59%
E1 300
53%
E21 Mr. Scratch
53%
E9 Penelope
53%
E7 The Fox
53%
E26 ...And Back
47%
E16 Mosley Lane
47%
E14 Riding the Lightning
47%
E25 To Hell...
47%
E6 L.D.S.K.
41%
E8 Lucky
41%
E19 Machismo
41%
E5 Seven Seconds
41%
E9 Derailed
35%
E3 Dorado Falls
35%
E23 Hit
35%
E20 Lo-Fi
35%
E18 Omnivore
35%
E8 Outfoxed
35%
E13 Poison
35%
E12 Profiler Profiled
35%
E24 Run
35%
E17 Valhalla
35%
E23 Angels
29%
E13 Bloodline
29%
E15 Broken
29%
E5 Broken Mirror
29%
E2 Compulsion
29%
E24 Demons
29%
E11 Entropy
29%
E1 It Takes a Village
29%
E6 Luke
29%
E13 Nelson's Sparrow
29%
E5 Tall Man
29%
E6 The Boogeyman
29%
E1 The Silencer
29%
E9 52 Pick-Up
24%
E11 Blood Hungry
24%
E16 Coda
24%
E12 Corazon
24%
E17 Demonology
24%
E16 Elephant's Memory
24%
E8 Hope
24%
E17 I Love You, Tommy Brown
24%
E1 Mayhem
24%
E3 Minimal Loss
24%
E8 Natural Born Killer
24%
E7 North Mammon
24%
E2 P911
24%
E16 Pleasure is My Business
24%
E22 Profiling 101
24%
E4 Saturday
24%
E21 Secrets and Lies
24%
E18 Somebody's Watchin'
24%
E19 Tabula Rasa
24%
E22 The Big Wheel
24%
E18 The Fight
24%
E23 The Hunt
24%
E10 The Popular Kids
24%
E12 What Fresh Hell
24%
E1 X
24%
E22 #6
18%
E24 Amplification
18%
E10 And in the end...
18%
E17 A Real Rain
18%
E21 A Shade of Gray
18%
E20 Blood Relations
18%
E5 Boxed In
18%
E23 Brothers Hotchner
18%
E2 Burn
18%
E13 Chameleon
18%
E20 Charm and Harm
18%
E14 Damaged
18%
E6 Devil's Night
18%
E6 Elliott's Pond
18%
E21 Exit Wounds
18%
E16 Gabby
18%
E21 Green Light
18%
E19 Heathridge Manor
18%
E4 Hopeless
18%
E8 Masterpiece
18%
E7 Memoriam
18%
E7 Middle Man
18%
E15 Mr. & Mrs. Anderson
18%
E21 Nanny Dearest
18%
E21 Open Season
18%
E4 Outlaw
18%
E9 Profiling 202
18%
E2 Proof
18%
E22 Red Light
18%
E15 Revelations
18%
E13 Risky Business
18%
E23 Roadkill
18%
E11 Sex, Birth, Death
18%
E2 Sick Day
18%
E1 The Crimson King
18%
E18 The Crossing
18%
E17 The Gathering
18%
E22 The Internet is Forever
18%
E10 The Lesson
18%
E1 The Longest Night
18%
E5 The Night Watch
18%
E10 The Slave of Duty
18%
E22 The Storm
18%
E13 The Thirteenth Step
18%
E16 The Tribe
18%
E12 The Uncanny Valley
18%
E11 True Genius
18%
E10 True Night
18%
E15 Truth or Dare
18%
E15 Unfinished Business
18%
E1 Wheels Up
18%
E19 With Friends Like These...
18%
E15 Zoe's Reprise
18%
E12 Zugzwang
18%
E11 25 to Life
12%
E12 3rd Life
12%
E18 A Beautiful Disaster
12%
E6 About Face
12%
E12 A Good Husband
12%
E20 Alchemy
12%
E14 All That Remains
12%
E15 Annihilator
12%
E3 A Thousand Suns
12%
E8 Awake
12%
E19 Beyond Borders
12%
E11 Birthright
12%
E4 Children of the Dark
12%
E14 Cold Comfort
12%
E20 Conflicted
12%
E5 Cradle to Grave
12%
E6 Epilogue
12%
E9 Face Off
12%
E9 False Flag
12%
E16 Fear and Loathing
12%
E4 God Complex
12%
E7 Hashtag
12%
E14 Hostage
12%
E6 If The Shoe Fits
12%
E17 In Heat
12%
E9 Into the Woods
12%
E22 Legacy
12%
E13 Limelight
12%
E5 Lucky Strikes
12%
E9 Magnificent Light
12%
E1 Nameless, Faceless
12%
E23 Our Darkest Hour
12%
E4 Paradise
12%
E14 Parasite
12%
E6 Pariahville
12%
E19 Pay It Forward
12%
E4 Plain Sight
12%
E22 Protection
12%
E18 Rabid
12%
E18 Restoration
12%
E11 Retaliation
12%
E5 Route 66
12%
E3 Rule 34
12%
E8 Scarecrow
12%
E3 Scared to Death
12%
E2 Starter Home
12%
E24 Supply & Demand
12%
E11 Surface Tension
12%
E3 Taboo
12%
E5 The Aftermath
12%
E2 The Angel Maker
12%
E5 The Anti-Terror Squad
12%
E6 The Apprenticeship
12%
E12 The Black Queen
12%
E8 The Boys of Sudworth Place
12%
E6 The Bunker
12%
E10 The Caller
12%
E11 The Forever People
12%
E5 The Good Earth
12%
E1 The Inspiration
12%
E2 The Inspired
12%
E6 The Instincts
12%
E1 The Job
12%
E2 The Pact
12%
E3 The Perfect Storm
12%
E7 The Performer
12%
E8 The Return
12%
E17 The Sandman
12%
E8 The Wheels on the Bus...
12%
E2 The Witness
12%
E3 Til Death Do Us Part
12%
E2 To a Better Place
12%
E19 Tribute
12%
E19 True North
12%
E7 Twenty Seven
12%
E12 Unknown Subject
12%
E21 What Happens In Mecklinburg...
12%
E3 Won't Get Fooled Again
12%
E15 A Badge and a Gun
6%
E16 A Family Affair
6%
E15 A Higher Power
6%
E15 Alpha Male
6%
E10 Amelia Porter
6%
E12 Anonymous
6%
E20 A Place at the Table
6%
E19 A Rite of Passage
6%
E8 Ashley
6%
E16 Assistance Is Futile
6%
E15 A Thin Line
6%
E20 ...A Thousand Words
6%
E12 Bad Moon on the Rise
6%
E22 Believer
6%
E23 Big Sea
6%
E3 Blue Angel
6%
E17 Breath Play
6%
E9 Broken Wing
6%
E10 Brothers in Arms
6%
E11 Bully
6%
E16 Carbon Copy
6%
E5 Catching Out
6%
E14 Closing Time
6%
E14 Collision Course
6%
E4 Compromising Positions
6%
E13 Cure
6%
E6 Date Night
6%
E21 Devil's Backbone
6%
E17 Distress
6%
E21 Divining Rod
6%
E1 Doubt
6%
E12 Drive
6%
E7 Dust & Bones
6%
E8 Empty Planet
6%
E22 Fatal
6%
E9 Fate
6%
E3 Final Shot
6%
E10 Flesh and Blood
6%
E18 Foundation
6%
E5 From Childhood's Hour
6%
E11 Full-Tilt Boogie
6%
E10 Future Perfect
6%
E7 Gatekeeper
6%
E12 Hamelin
6%
E20 Hanley Waters
6%
E2 Haunted
6%
E18 Hell's Kitchen
6%
E14 Hero Worship
6%
E20 Honor Among Thieves
6%
E19 House on Fire
6%
E7 Identity
6%
E2 In Name and Blood
6%
E20 Inner Beauty
6%
E4 Innocence
6%
E9 Internal Affairs
6%
E6 In The Blood
6%
E17 In The Dark
6%
E18 Jones
6%
E4 Keeper
6%
E4 Killer App
6%
E10 Lessons Learned
6%
E16 Lockdown
6%
E13 Magnum Opus
6%
E14 Miasma
6%
E7 Mirror Image
6%
E8 Neon Terror
6%
E11 Night Lights
6%
E11 Normal
6%
E13 No Way Out (Part 1 of 2)
6%
E22 Out of the Light
6%
E4 Painless
6%
E11 Perennials
6%
E17 Persuasion
6%
E4 Psychodrama
6%
E15 Public Enemy
6%
E3 Reckoner
6%
E8 Reflection of Desire
6%
E3 Remembrance of Things Past
6%
E18 Rock Creek Park
6%
E5 Safe Haven
6%
E15 Scream
6%
E10 Seek & Destroy
6%
E9 Self-fulfilling Prophecy
6%
E14 Sense Memory
6%
E14 Sick and Evil
6%
E13 Snake Eyes
6%
E17 Solitary Man
6%
E12 Soul Mates
6%
E9 Strange Fruit
6%
E10 Submerged
6%
E7 Target Rich
6%
E14 The Big Game
6%
E10 The Bittersweet Science
6%
E13 The Bond
6%
E17 The Capilanos
6%
E20 The Company
6%
E19 The Edge of Winter
6%
E6 The Eyes Have It
6%
E7 The Fallen
6%
E22 The Fisher King (Part 1 of 2)
6%
E1 The Fisher King (Part 2 of 2)
6%
E4 The Itch
6%
E9 The Last Word
6%
E24 The Replicator
6%
E7 There's No Place Like Home
6%
E13 The Road Home
6%
E21 The Stranger
6%
E3 Through The Looking Glass
6%
E4 To Bear Witness
6%
E15 Today I Do
6%
E20 Unforgettable
6%
E10 What Happens at Home...
6%
E20 All You Can Eat
0%
E19 Ashes & Dusk
0%
E2 Awakenings
0%
E19 Ex Parte
0%
E8 Family Tree
0%
E5 Ghost
0%
E16 Last Gasp
0%
E21 Mixed Signals
0%
E23 No Way Out: The Evilution of Frank (Part 2 of 2)
0%
E7 Rusty
0%
E3 Spectator Slowing
0%
E18 The Dance of Love
0%
E1 Under the Skin
0%
No matching quizzes found
Score Distribution
Percent of People with Each Score
Percentile by Number Answered
Your Score History
You have not taken this quiz